Plant propagation; principles and practices /
Guardado en:
| Autor Principal: | |
|---|---|
| Formato: | Libro |
| Publicado: |
New Jersey :
Prentice Hall Career & Technology,
1990
|
| Edición: | 5a. ed. |
| Materias: | |
| Etiquetas: |
Agregar Etiqueta
Sin Etiquetas, Sea el primero en etiquetar este registro!
|
| LEADER | 00542nam a22001815a 4500 | ||
|---|---|---|---|
| 001 | CEM.cems016618 | ||
| 005 | 20091210160927.0 | ||
| 008 | 130507s1990##################000#0#####d | ||
| 003 | CEMS | ||
| 020 | |a 0136810160 | ||
| 082 | 0 | 4 | |a 581 |
| 100 | 1 | |a Hartmann, Hudson T | |
| 245 | 1 | 0 | |a Plant propagation; principles and practices / |c Hudson T Hartmann, |
| 250 | |a 5a. ed. | ||
| 260 | |a New Jersey : |b Prentice Hall Career & Technology, |c 1990 | ||
| 300 | |a 647 p. | ||
| 653 | |a Fisiologia vegetal | ||
| 859 | |a CEMS |b BIB. CEMS - Agricultura |h 581 |i H251 |p A0099.00 |t Ej.1 | ||
